Pays qui n'ont aucune lettre identique dans leurs noms - Statistiques

Statistiques générales
  • Ce quiz a été pris 464 fois
    389 depuis la dernière actualisation
  • Le résultat moyen est 27 sur 55
Statistiques - réponses
Pays % Correct
France
94%
Chine
88%
Japon
83%
Brésil
76%
Portugal
76%
Maroc
73%
Inde
71%
Irlande
70%
Irak
67%
Iran
67%
Islande
66%
Pérou
61%
Cuba
58%
Libye
57%
Israël
56%
Laos
56%
Liban
56%
Mali
56%
Oman
54%
Ukraine
54%
Syrie
53%
Viêt Nam
51%
Chypre
49%
Croatie
47%
Koweït
46%
Népal
46%
Bhoutan
44%
Soudan
44%
Zambie
44%
Hongrie
43%
Tchad
43%
Gabon
42%
Jordanie
42%
Malte
42%
Niger
42%
Autriche
41%
Kenya
41%
Tonga
40%
Honduras
38%
Bulgarie
37%
Roumanie
37%
Bahreïn
35%
Slovaquie
35%
Suriname
35%
Brunei
34%
Cambodge
33%
Gambie
33%
Somalie
33%
Cameroun
32%
Cap-Vert
30%
Moldavie
29%
Singapour
26%
Maurice
24%
Maldives
22%
Ouzbékistan
22%
Aucun quiz correspondant
Distribution des résultats
% des personnes avec chaque résultat
Percentile par nombre de réponses
Votre historique - résultats
Vous n’avez pas pris ce quiz depuis la dernière actualisation